01869nam a2200385 a 4500001001200000003000800012006001900020007001500039008004100054010001700095020004400112020004400156020002700200040002100227035002100248043001200269050002500281082001900306100001900325245011500344260003700459300002200496504005100518505034500569533015200914610006401066650004601130650004201176650003901218650003701257655002901294710001701323856012601340999001701466ebr10700167CaPaEBRm o u cr cn|||||||||130225s2013 nyua sb 001 0 eng d z 2013007688 z9780875869759 (soft cover : alk. paper) z9780875869766 (hard cover : alk. paper) z9780875869773 (e-book) aCaPaEBRcCaPaEBR a(OCoLC)849927145 an-us---14aRA971.3b.F34 2013eb04a362.1068/12231 aFaguet, Guy B.14aThe Affordable Care Acth[electronic resource] :ba missed opportunity, a better way forward /cGuy B. Faguet. aNew York :bAlgora Pub.,cc2013. ax, 236 p. :bill. aIncludes bibliographical references and index.0 aHistorical overview -- Root causes of the spiraling healthcare costs -- Cost control initiatives -- The politics and the money behind the bill -- Outline of the Affordable Care Act -- The U.S. healthcare system : a brief outline -- Foreign and domestic health models we can learn from -- An equitable and affordable universal health system. aElectronic reproduction.bPalo Alto, Calif. :cebrary,d2013.nAvailable via World Wide Web.nAccess may be limited to ebrary affiliated libraries.10aUnited States.tPatient Protection and Affordable Care Act. 0aNational health insurancezUnited States. 0aMedical care, Cost ofzUnited States. 0aHealth care reformzUnited States. 0aHealth insurancezUnited States. 7aElectronic books.2local2 aebrary, Inc.40uhttp://site.ebrary.com/lib/rucke/Doc?id=10700167zAn electronic book accessible through the World Wide Web; click to view c21882d21882